| 000 | 00354nam a2200133Ia 4500 | ||
|---|---|---|---|
| 005 | 20251222141852.0 | ||
| 008 | 251222s9999||||xx |||||||||||||| ||spa|| | ||
| 020 | _a0-521-44938-3 | ||
| 082 | _a425.02/R54 | ||
| 100 | _aRichards, Jack C. | ||
| 245 | 0 | _aChanges English for International Communication: | |
| 264 | _bCambrigde University Press | ||
| 942 | _cLIB | ||
| 999 |
_c7774 _d7774 |
||